Villes hôtes de la Coupe du monde de rugby 2011 sur une carte. - Statistiques

Statistiques générales
  • Ce quiz a été pris 51 fois
  • Le résultat moyen est 4 sur 11
Réponses sur la Carte
Les réponses sont colorées sur une échelle allant du rouge au vert en fonction du pourcentage des utilisateurs qui les ont devinées à leur premier essai. Vous pouvez retrouver ces pourcentages ci-dessous.
 
Statistiques - réponses
Villes % Correct
Wellington
98%
Auckland
91%
Dunedin
36%
Hamilton
29%
Invercargill
16%
Napier
16%
Nelson
16%
Rotorua
16%
Whangarei
16%
New Plymouth
13%
Palmerston North
13%
Aucun quiz correspondant
Distribution des résultats
% des personnes avec chaque résultat
Percentile par nombre de réponses
Votre historique - résultats
Vous n’avez pas pris ce quiz